[Event "Smartchess.com 2nd"]
[Site "New York"]
[Date "2001.10.12"]
[Round "6"]
[White "Cela, Altin"]
[Black "Krush, Irina"]
[Result "1-0"]
[WhiteElo "2483"]
[BlackElo "2411"]
[Annotator "Tyomkin,D"]
[PlyCount "95"]
[EventDate "2001.10.07"]
[EventType "tourn"]
[EventRounds "9"]
[EventCountry "USA"]
[EventCategory "10"]
[SourceTitle "CBM 086"]
[Source "ChessBase"]
[SourceDate "2002.02.05"]
[SourceVersion "1"]
[SourceVersionDate "2002.02.05"]
[SourceQuality "1"]

1. e4 c5 2. Nf3 d6 3. d4 cxd4 4. Nxd4 Nf6 5. Nc3 Nc6 6. Bg5 e6 7. Qd2 a6 8.
O-O-O h6 9. Be3 Nxd4 10. Bxd4 b5 11. f4 Be7 12. Be2 b4 13. Na4 Rb8 (13... Nxe4
{-is an alternative, but white gets very strong initiative in this line as it
was shown in number of games;}) 14. Qe3 {White has got an advantage in the
following line, but black has a field for improvements:} (14. Bxf6 $5 {
Gofshtein,L} Bxf6 15. Qxd6 Qxd6 16. Rxd6 Be7 17. Rb6 Rxb6 18. Nxb6 $16 {
1-0 Van der Wiel,J-De Gleria,F/Essen 2001/CBM 83/[Gofshtein,L] (40)}) 14... Qc7
15. Kb1 (15. e5 $6 Nd5 16. Qg3 Nxf4 $1 {[%cal Re7g5]}) 15... Bd7 (15... e5 $5
16. fxe5 dxe5 17. Qg3 $1 {[%cal Rg3b8]} Nd7 $8 18. Bg4 Bf6 $13) 16. b3 $1 (16.
Nb6 $2 {Gofshtein,L} e5 17. fxe5 dxe5 18. Nxd7 (18. Qg3 Nxe4 (18... Rxb6 19.
Bxb6 Qxb6 20. Qxg7 (20. Qxe5 Be6 $17) 20... Rg8 (20... Rh7 21. Qg3) 21. Qxh6
Qa5 22. Bf3 Be6 23. b3) 19. Bxe5 (19. Qxg7 Bf6 20. Nd5 Qxc2+ 21. Kxc2 Bxg7 $17)
19... Qxb6 20. Qxg7 Bf6 $17) 18... Nxd7 19. Qg3 (19. Ba7 Ra8 20. Rxd7 Qxd7 21.
Bc5 O-O $19) 19... Rc8 $1 {0-1 Nijboer,F-Avrukh,B/Antwerp 1997/CBM 59 ext/
[Avrukh,B] (31)}) 16... Bxa4 17. bxa4 {One black has many options, but 17...
0-0 is most convincing way for black to get good play there; Anyhow, this line
doesn't look dangerous for black; 17...Qa5 of Irina is suspicious;} Qa5 $6 $146
(17... O-O {[%cal Ge6e5] Gofshtein,L} 18. Bxa6 Ra8 (18... Qc6 19. Bb5 Qxe4 20.
Qxe4 Nxe4 21. Rhe1 d5 $132 {0-1 Hommeles,T-Werle,J/Hoogeveen 2000/CBM 78 ext 
(40)}) 19. Bb5 Rfc8 20. Rd2 d5 $36) (17... Qc6 {Gofshtein} 18. Bd3 Qxa4 19. g4
$40) (17... e5 $5 18. Bb2 $13) 18. Bxf6 $1 Bxf6 {18...gxf6 perhaps was better
try, but white gets dangerous initiative on black king anyhow;} (18... gxf6 19.
Qg3 {[%cal Gg3g7]} (19. Qa7 {[%csl Gb8][%cal Ye2b5]} Qb6 $11) 19... Bf8 20. f5
$36) 19. Rxd6 O-O (19... Qxa4 20. Rxa6 Qd7 21. e5 Be7 22. Rd1 Qc8 23. Qe4 O-O
24. Bd3 g6 25. g4 $16 {[%cal Gf4f5]}) 20. Rxa6 Qc7 21. e5 Be7 22. Rd1 $6 {
White doesn't need his rook over d-file; It was better to begin an attack by
Bd3 following by Qe4;} (22. Bd3 $1 {[%cal Ge3e4]}) 22... Bc5 23. Qe4 Rfd8 24.
Rc6 $6 {Another unaccuracy;} (24. Rxd8+ Rxd8 25. g4 {[%cal Gf4f5]} g6 26. f5
$16) 24... Rxd1+ 25. Bxd1 Qa7 26. Be2 Bg1 $6 {It was better to clear a7-g1
diagonal for black queen by moving the bishop back; Now black bishop only
disturbs black to create the counterplay;} (26... Be7 27. Bd3 g6 {[%cal Ga7g1]}
28. Rxe6 fxe6 29. Qxg6+ Kf8 {white doesn't get enough initiative;}) 27. Bd3 g6
28. g4 $2 {Too optimistic;} (28. h4 $142 h5 29. g4 hxg4 30. h5 $16) 28... Qf2
$2 {One more tactical miss; Black could easily repeal white's attack in
following line:} (28... Bxh2 $1 29. f5 Qg1+ 30. Kb2 gxf5 31. gxf5 exf5 32. Qxf5
Qd4+ $17 {[%cal Gh2e5]}) 29. h3 $2 {[%mdl 8192] Typical Rxe6 could break
black's position for pieces:} (29. Rxe6 $1 $18 fxe6 30. Qxg6+ Kf8 31. Qf6+ Kg8
32. Qxe6+ Kg7 33. Qg6+ Kf8 34. Qd6+ $18 {and white mates black king in few
moves;}) 29... Qd2 30. f5 {Now the same blow doesn't lead to the win:} (30.
Rxe6 {[%cal Re6g6]} Be3 31. Rxg6+ Kf8 $3 $11) 30... Be3 31. Qh1 $8 gxf5 32.
gxf5 exf5 33. Bxf5 Kh8 $2 (33... Bd4 $1 {[%cal Gb4b3]} 34. Qc1 $8 Qxc1+ 35.
Kxc1 Bxe5 36. a5 {white still has some winning chances thanks to passed pawn
"a";}) 34. a5 Rg8 35. Bg4 h5 36. e6 $2 {[%mdl 8192] Missing the advantage;
White could keep winning position by following blow:} (36. Qf1 $1 {[%cal Gf1f6]
} Bf2 (36... hxg4 37. Qf6+ Kh7 (37... Rg7 38. Qh4+ {[%cal Gc6c8]}) 38. Qxf7+
Rg7 39. Qf5+ {and mate in few moves;}) (36... Bf4 37. Bxh5 Bxe5 38. Bxf7 Rf8 {
[%cal Rf8f7]} 39. Rf6 $3 Bxf6 40. Qxf6+ Kh7 41. Bg6+ Kg8 42. Qe6+ Kg7 43. Bd3
$18 {black can not create any serious threats over white king;}) 37. Rf6 Bg3
38. Bxh5 Bxe5 39. Bxf7 Rf8 (39... Bxf6 40. Qxf6+ Rg7 41. Bc4 $18 {[%cal Ga5a6]}
) 40. a6 $1 $18) 36... hxg4 37. hxg4+ Kg7 38. Qf1 Rf8 39. Rc7 Bf4 (39... Kg8
40. exf7+ Kg7 41. a6 Bf4 42. Re7 Bg5 {and black is close to save the game;})
40. Rxf7+ Rxf7 41. exf7 Bd6 (41... Kf8 $1 42. a6 Be3 43. g5 Qc3 {[%cal Ge3d4]
and black holds the defense;}) (41... Kxf7 $2 42. a6 $18 {[%cal Ga6a7]}) 42. a6
Qd4 (42... Qe3 43. g5 Qxg5 44. a7 Qd5 45. Qd3 Qh1+ 46. Kb2 Be7 {and black
holds the defense also here;} (46... Be5+ 47. Kb3 Qb1+ 48. Kc4 Qxa2+ 49. Kxb4
Qxa7 50. f8=Q+ Kxf8 51. Qf5+ {transforming the game to the queen's ending with
pawn up for white, which is probably drawn;})) 43. Qd3 Qg1+ (43... Qxd3 44.
cxd3 Bc5 45. Kc2 Kxf7 46. Kb3 $18 {[%cal Gb3c4]}) 44. Kb2 Qc5 $2 {Last mistake
which is decided the game;} ({More resistant was:} 44... Be7 $1 45. Qf3 {
[%cal Gg4g5]} Kf8 {perhaps white is still winning but not that easy;}) 45. Kb3
Be7 46. c3 Kf8 47. Qd4 Qa5 (47... Qxd4 48. cxd4 {[%csl Gc5]}) 48. Qh8+ $1 (48.
Qh8+ Kxf7 49. Qh5+ Qxh5 50. gxh5 Bc5 51. cxb4 $18) 1-0

[Event "Beersheba 16th"]
[Site "Beersheba"]
[Date "1997.03.07"]
[Round "11"]
[White "Dvoirys, Semen I"]
[Black "Tyomkin, Dimitri"]
[Result "1/2-1/2"]
[WhiteElo "2590"]
[BlackElo "2450"]
[Annotator "Tyomkin,D"]
[PlyCount "86"]
[EventDate "1997.02.24"]
[EventType "tourn"]
[EventRounds "11"]
[EventCountry "ISR"]
[EventCategory "12"]
[SourceTitle "CBM 058"]
[Source "ChessBase"]
[SourceDate "1997.06.01"]
[SourceVersion "1"]
[SourceVersionDate "1997.06.01"]
[SourceQuality "1"]

{This is the game from the last round.Dvoirys,S had to win this game in order
to take clear first place,and I think he was happy that I chose his favorite
Rauser variation.For that moment he reached two wins with white in this
variation against Avrukh and Tseitlin in previous rounds} 1. e4 c5 2. Nf3 Nc6
3. d4 cxd4 4. Nxd4 Nf6 5. Nc3 d6 6. Bg5 e6 7. Qd2 a6 8. O-O-O h6 9. Be3 Nxd4
10. Bxd4 b5 11. Bd3 Be7 12. f4 b4 13. Ne2 Qa5 14. Kb1 e5 15. Be3 O-O 16. Ng3 $1
$146 {Other continuations lead to the good position for black} (16. Rhf1 Rd8 (
16... Be6 17. b3 d5 18. exd5 Nxd5 19. f5 $14) 17. Ng3 Be6 18. b3 d5 19. Qe1 Bg4
$1 $146 (19... exf4 20. Bxf4 dxe4 21. Nxe4 Nd5 22. Be5 Bf8 23. Qg3 Rac8 24.
Nf6+ Nxf6 25. Rxf6 Rc5 26. Re1 Rdd5 27. Rxe6 $1 {[%cal Gd3h7]} Rxd3 (27... fxe6
28. Qg6 Rxe5 (28... Rxd3 29. Qxe6+ $18) 29. Rf1 $18) 28. Qxd3 fxe6 29. Bb2 $16
{Dvoirys,S-Avrukh,B/The 16th International Chess F 1997 (58)/1-0}) 20. Rd2 (20.
fxe5 Nxe4 21. Bxe4 dxe4 22. Rxd8+ Rxd8 23. Qf2 Qd5 $1 $15 (23... Qxe5 24. Qxf7+
Kh8 25. Bf4 $16)) 20... dxe4 21. Nxe4 Nd5 {[%cal Gd5c3]} 22. Bc4 Be6 (22... Bf5
$1 23. Rxd5 Rxd5 24. Bb6 Qxb6 25. Bxd5 Rd8 26. fxe5 Rxd5 27. Rxf5 Qd4 $17 {
[%csl Re5][%cal Gg7g6]}) 23. f5 Nc3+ 24. Nxc3 Bxc4 $15 25. Rxd8+ Rxd8 26. Ne2
Bxe2 (26... Bd5 {Tyomkin,D} 27. Qf2 {[%cal Ge3b6,Gf5f6]} (27. f6 Bxf6 28. Bxh6
Be4 $17 {[%cal Ge4c2,Ge4g6]}) (27. Qg3 Kh7 $15 (27... Be4 28. Bxh6 Bxc2+ $11))
27... Rc8 28. Ng3 Bh4 $5 {[%csl Rc2][%cal Gd5e4]} (28... f6 $15 {^^}) 29. f6
Be4 $15) 27. Qxe2 e4 28. Bc1 Qb5 29. Qxb5 axb5 $15 {Dvoirys,S-Tseitlin,M/The
16th Festival Beer-Sheva 1997 (54)/1-0}) (16. h3 Be6 17. Nc1 (17. b3 $5) 17...
exf4 18. Bxf4 Nd7 {1/2-1/2 Dimitrov,V-Zontah,A,1995}) 16... Ng4 (16... Rd8 17.
Bc4 (17. Rhf1 {=16.Raf1}) 17... Bg4 18. Rde1 d5 (18... Nxe4 19. Nxe4 d5 20. Qf2
$1 $16 {[%cal Ge3b6]}) (18... Rac8 19. Bb3 d5 20. exd5 Nxd5 21. Qf2 $14 {
[%cal Gb3f7]}) 19. exd5 Nxd5 20. Qf2 $14) (16... Be6 $5) 17. f5 $6 (17. Bg1 Be6
18. b3 exf4 19. Qxf4 Bf6 (19... Bg5 20. Qxd6 Rfd8 21. Qb6 Qe5 22. Qc5) 20. Nf5
Bxf5 (20... g5 21. Qxg4 Qe5 22. Kc1 $1) 21. exf5 (21. Qxf5 Qxf5 (21... Qa3 $2
22. e5 {[%cal Gd3h7]}) (21... Ne5 22. Be3 $14) 22. exf5 Rfe8 $11) 21... Ne5 22.
Be4 $14) (17. Bc4 Nxe3 18. Qxe3 Bg4 19. Rdf1 $14) 17... Bb7 18. Qe2 (18. Bg1 d5
) 18... Nxe3 19. Qxe3 d5 20. Nh5 $1 {[%cal Gf5f6,Ge3g3]} (20. exd5 Bxd5 21. b3
{[%cal Gd3e4]} e4 $1 {[%cal Gf6b2]} 22. Bxe4 (22. Nxe4 Bxe4 23. Bxe4 Rad8 $44 {
[%cal Ge7f6]}) 22... Bxe4 23. Qxe4 (23. Nxe4 Qxf5) 23... Bf6 $36 {[%cal Gf6a1]}
) 20... f6 (20... Bg5 21. Qg3 dxe4 22. Bc4 $40) {[%tqu "En","Find the
attacking continuation for white","Black wants to defend withRf7,so you should
make something fast","","h5g7","You played like GM Dvoirys",10,"e3g3","too
slowly",0]} 21. Nxg7 $1 {Otherwise black will play Rf7,Bf8 and prepare attack
to the white king} (21. Qg3 Rf7) 21... Kxg7 22. Qg3+ Kh8 23. Qg6 Qc7 (23...
Rac8 24. Qxh6+ Kg8 25. Qg6+ Kh8 26. h4 {[%cal Gh1h3,Gh3g3]} (26. Bb5 Qxb5 $1 (
26... Qc7 27. Bd7 $3 Qxc2+ 28. Ka1 Rc6 29. Qh6+ Kg8 30. Rc1 $18) 27. Rd3 Qxd3
28. cxd3 dxe4 {White hasn't more than draw}) 26... Bc5 $1 {[%csl Gg3][%cal
Gc5f2,Gc8c7,Gc7h7]} (26... Rfd8 27. Rh3 $18) 27. Qh6+ Kg8 28. Rh3 (28. Rdf1 Rc7
) 28... Bf2 29. Rf1 Qc5 30. Rf3 dxe4) (23... Rfc8 24. Qxh6+ (24. h4 $2 Bf8)
24... Kg8 25. h4 $1 dxe4 26. Rh3 $18) 24. Qxh6+ Kg8 25. Qg6+ Kh8 26. Rhf1 (26.
Bb5 {[%cal Gd1d3,Gb5d7]} Bc5 $1 {[%cal Gc7g7]} 27. Rd3 Qg7 28. Rh3+ Kg8 29. Qh5
axb5 30. Rg3 Rf7 $15) 26... dxe4 27. Qh6+ Kg8 28. Qg6+ Kh8 29. Bxe4 Bxe4 30.
Qh5+ Kg8 31. Qg6+ Kh8 32. Qh5+ Kg8 33. Qg4+ Kh8 (33... Kf7 $4 34. Qg6#) 34.
Qxe4 Rad8 35. Qh4+ Kg7 36. Qg4+ Kh8 37. Qh5+ Kg8 38. Qg6+ Kh8 39. Qh6+ Kg8 40.
Qg6+ Kh8 41. c3 Qc4 (41... bxc3 42. Rc1 $2 (42. Qh6+ $11) 42... Bb4 43. Rf3 Qg7
$19) 42. Qh5+ Kg8 43. Qg6+ {from43moves white made 22 with the queen!} Kh8
1/2-1/2

[Event "EU-chT (Men) 13th"]
[Site "Leon"]
[Date "2001.11.09"]
[Round "4.4"]
[White "Vuckovic, Bojan"]
[Black "Mchedlishvili, Mikheil"]
[Result "0-1"]
[WhiteElo "2466"]
[BlackElo "2518"]
[Annotator "Tyomkin,D"]
[PlyCount "72"]
[EventDate "2001.11.06"]
[EventType "team-swiss"]
[EventRounds "9"]
[EventCountry "ESP"]
[SourceTitle "CBM 086"]
[Source "ChessBase"]
[SourceDate "2002.02.05"]
[SourceVersion "1"]
[SourceVersionDate "2002.02.05"]
[SourceQuality "1"]
[WhiteTeam "Yugoslavia"]
[BlackTeam "Georgia"]
[WhiteTeamCountry "YUG"]
[BlackTeamCountry "GEO"]

1. e4 c5 2. Nf3 d6 3. d4 cxd4 4. Nxd4 Nf6 5. Nc3 Nc6 6. Bg5 e6 7. Qd2 a6 8.
O-O-O Qb6 9. Nb3 (9. f4 {-is the main line;}) 9... Be7 10. f4 {This aggresive
move is in style of Vuckovic, but 10.f3 is more solid way;} ({White usually
plays} 10. f3 {in this position;}) 10... O-O (10... h6 $6 11. Bxf6 gxf6 (11...
Bxf6 12. Na4 (12. Qxd6 Bxc3 13. bxc3 Qe3+ 14. Kb2 e5 15. Bc4 $16)) 12. Be2 Bd7
13. Bh5 $16 {1/2-1/2 Rogic,D-Ljubicic,F/Porec 1994/EXT 97 (23)}) (10... Qc7 $5
11. Bxf6 (11. g4 b5 12. Bxb5 $5 axb5 13. Nxb5 Qb8 14. Bxf6 gxf6 (14... Qxb5 $5
15. Bxe7 Nxe7 16. Qxd6 Bd7 $13) 15. Nxd6+ Bxd6 16. Qxd6 Qxd6 17. Rxd6 Na5 18.
Nxa5 Rxa5 $11 {0-1 Shulman,Y-Begunov,K/St.Petersburg 1994/CBM 41 (34)}) 11...
gxf6 (11... Bxf6 $5 12. Qxd6 Qxd6 13. Rxd6 Bxc3 14. bxc3 Ke7 15. Rd2 (15. e5 $6
f6) 15... e5 $44 {with chances to equalize;}) 12. f5 O-O 13. Nd4 Kh8 14. Kb1
Bd7 $132 {0-1 Olenin,N-Vasiukov,E/Moscow 1996/CBM 56 ext (33)}) {Now white has
a large choice of moves and plans, but all of them are about attack over the
kingside;} 11. Bd3 (11. Be2 Rd8 (11... Bd7 12. Kb1 Rfd8 13. Rhf1 Rac8 14. Qe1
Ne8 $11 {0-1 Makropoulou,M-Bagaturov,G/Chania GRE 2000/The Week in Chess 301 
(33)}) 12. Bf3 Qc7 13. g4 b5 14. Bxf6 Bxf6 15. g5 Be7 16. h4 Bd7 17. h5 {
0-1 Wehmeier,S-Chiburdanidze,M/Lippstadt GER 2000/The Week in Chess 296 (75)
white is faster with his attack here, but the position remains very sharp;}) (
11. Bxf6 $6 Bxf6 12. Qxd6 Bxc3 13. bxc3 Rd8 14. Qc5 Rxd1+ 15. Kxd1 Qc7 16. e5
b6 17. Qc4 Bb7 $15 {1/2-1/2 Ye Jiangchuan-Gufeld,E/Helsinki 1992/CBM 32 (34)})
(11. Qe1 $5 Qc7 12. Bd3 h6 $6 {it will help white to open the kingside by
g2-g4-g5;} 13. Bh4 b5 14. g4 b4 15. Ne2 a5 $132 {1-0 Danielsen,H-Jakobsen,O/
Gladsaxe 1993/EXT 97 (47)}) 11... Qc7 $1 $146 {Now white doesn't have pressure
on pawn d6 anymore and there is no point to protect d6 by Rd8- very logical;} (
11... Rd8 12. Kb1 Bd7 13. Rhf1 h6 14. Bxf6 Bxf6 15. g4 Be8 16. e5 dxe5 17. g5
$40 {1/2-1/2 Landenbergue,C-Dorfman,J/Cannes 1995/CBM 46 ext (25)}) 12. g4 b5 (
12... Nxg4 $6 13. Bxe7 Nxe7 14. Rhg1 $40 {[%cal Yg1g7]}) 13. Bxf6 Bxf6 14. g5
Bd8 {[%mdl 4] The idea is Na5, and Bd8 would protect black queen after Nxa5
Qxa5- no Nd5 blow; As well as, bishop can be moved to some better place
over-d8-a5 diagonal in future;  Another advantage of Bd8 is that, after Be7,
it can be attacked by f4-f5-f6;} 15. Ne2 (15. h4 Na5 $1 {[%cal Ga5c4]} 16. Nxa5
Qxa5 {[%cal Rb5b4]} 17. Kb1 Bb7 {[%cal Ga8c8,Yd8b6,Gb5b4,Yf7f5] with very
comfortable play for black;}) 15... b4 16. Kb1 (16. h4 a5 17. h5 a4 18. Nbd4
Nxd4 19. Nxd4 Qc5 20. Nf3 Ba5 {[%cal Gb4b3,Ya4a3] and black is faster this
time;}) 16... a5 17. Nbc1 a4 18. Ng3 Qa5 19. Rhf1 {White hasn't reach anything
over the kingside yet, but black has brought some of his forces for the attack
on white king already;} Bb7 20. Qg2 (20. f5 Ne5 {with mutual play;} (20... b3
21. Qxa5 bxa2+ 22. Nxa2 Bxa5 23. fxe6 fxe6 24. Bc4 {[%csl Re6] this ending is
about equal, but the game is still on;})) 20... b3 $1 {Typical breakthru;} 21.
cxb3 (21. a3 bxc2+ 22. Bxc2 Bb6 $15 {[%cal Gc6d4]} (22... Qb6 $5 {[%cal Gc6d4]}
23. Rxd6 $140 Be7 {[%cal Ge7a3]})) 21... axb3 22. a3 Nb4 (22... Nd4 $5) 23. Bc4
d5 24. Bxb3 (24. Nxb3 Qb6 25. Be2 Nc2 $1 26. Kxc2 Rc8+ 27. Kb1 Qxb3 28. Bd3 Be7
$17) (24. exd5 Nxd5 $17 {[%cal Rd5c3]}) 24... dxe4 25. Qd2 Nd5 26. Nce2 $2 {
It was good idea for white to transfer the game to the endgame, forgetting
about black's attack on the queenside for a while;} (26. Qxa5 Rxa5 $1 $15 {
[%cal Yd8g5]} (26... Bxa5 27. f5 $1 Rfe8 (27... Ne3 28. fxe6 $16 {[%cal Ge6f7]}
) 28. Nxe4 Ne3 29. Nd6)) 26... Qb6 $1 $19 {[%csl Rb3][%cal Gd5e3]} 27. Bxd5
Bxd5 28. Nc3 Bc4 (28... Be7 29. Nxd5 exd5 30. Nf5 Bxa3 31. Qc3 f6 32. Qd4 Qxd4
33. Rxd4 Rfb8 $19) 29. Rfe1 Be7 30. Rxe4 (30. Qd4 Qb3 31. Nh5 f6 32. gxf6 Bxa3
33. Nxe4 Bxb2 $1 34. Qxb2 Bd3+ $19) 30... Rfc8 31. Qd4 Qb3 $2 {[%mdl 8192] it
was necessary to protect Be7- the reason you may understand from the note to
32nd move of white;} (31... Qb7 $1 {[%cal Ge7a3] and this is not clear how to
get rid of all those threats of black over the queenside;}) 32. Nh5 $4 {
[%mdl 8192] Missing great chance to keep fighting in this game:} (32. Nf5 $1
exf5 {Be7 would be protected in case of 31...Qb7!} (32... Bf8 33. Nh6+ $1 {
this blow probably was missed by Vuckovic;} gxh6 34. gxh6 f5 $8 35. Rg1+ Kf7
36. Qd7+ Kf6 37. Re3 $1 $18 {[%cal Gc3d5,Gc3e4]}) 33. Rxe7 Rab8 34. Rd2 {
and white holds the defense;}) 32... Bf8 $19 {The attack of black is
unstoppable now;} 33. Qe5 (33. Kc1 Bd5 34. Re3 Qa2 {[%cal Ga8a3]}) 33... Rxa3 {
One of many ways to win the game;} (33... Rab8 34. Rd2 Bd3+ $19) (33... Rcb8
$19) 34. Rxc4 Qxc4 {[%cal Gc4b3]} (34... Rca8 $19) 35. bxa3 Qb3+ 36. Ka1 Rxc3 (
36... Rxc3 37. Qe2 Qa4 $1 $19 {[%cal Gc3a3]}) 0-1

[Event "Budapest FS12 GM-A"]
[Site "Budapest"]
[Date "2001.12.10"]
[Round "10"]
[White "Varga, Zoltan"]
[Black "Bakre, Tejas"]
[Result "0-1"]
[WhiteElo "2506"]
[BlackElo "2446"]
[Annotator "Tyomkin,D"]
[PlyCount "96"]
[EventDate "2001.11.01"]
[EventType "tourn"]
[EventRounds "13"]
[EventCountry "HUN"]
[EventCategory "10"]
[SourceTitle "CBM 087"]
[Source "ChessBase"]
[SourceDate "2002.03.21"]
[SourceVersion "1"]
[SourceVersionDate "2002.03.21"]
[SourceQuality "1"]

1. e4 c5 2. Nf3 d6 3. d4 cxd4 4. Nxd4 Nf6 5. Nc3 Nc6 6. Bg5 a6 7. Qd2 Qb6 8.
O-O-O (8. Nb3 {-is a main move here;}) 8... Nxd4 9. Qxd4 Qxd4 10. Rxd4 e6 11.
f3 (11. f4 Be7 12. Be2 Bd7 13. Bxf6 gxf6 {1/2-1/2 Ehlvest,J-Smirin,I/Moscow
RUS 2001/The Week in Chess 369 (13)}) 11... Bd7 {White doesn't get any
advantage in this ending as it was shown in couple of grandmaster games
mentioned below;} 12. Bc4 (12. Rd2 Bc6 13. Be2 Be7 14. Bf4 d5 15. exd5 Nxd5 16.
Nxd5 Bxd5 17. c4 Rc8 {1/2-1/2 Prandstetter,E-Sherbakov,R/Pardubice CZE 1999 
(17)}) 12... Bc6 (12... Rc8 13. Bb3 Bc6 14. Kb1 Nd7 15. a3 Ne5 16. Rhd1 h6 17.
Bd2 Be7 18. Ne2 Bb5 19. Nc3 Bc6 20. Ne2 Bb5 21. Nc3 {1/2-1/2 Luther,T-Smirin,I/
Moscow RUS 2001/The Week in Chess 369 (21)}) 13. Rdd1 (13. Rhd1 Rc8 14. Bb3 Nd7
15. a3 h6 16. Bh4 g5 17. Bg3 Ne5 18. Kb1 Be7 19. h3 h5 20. a4 Kf8 21. Ne2 Be8
22. Rb4 Rc7 23. Rbd4 Rc8 24. Rb4 Rc7 25. Rbd4 {1/2-1/2 Rogers,I-Lugovoi,A/
Hamburg GER 1999 (25)}) 13... Be7 (13... Nd7 {like Lugovoi- see 13.Rhd1;}) 14.
Bb3 O-O 15. Rd3 (15. Bxf6 Bxf6 $5 {typical pawn sacrifice gives black full
compensation- this sacrifice is appeared in many rauzer lines;} 16. Rxd6 Be5 {
dark square bishop of black is very powerful in this ending;}) 15... Rfe8 $5 {
Strange move;} 16. Bf4 e5 $6 {Risky decision to weakend d5 spot;} (16... Red8
17. Rhd1 Ne8) 17. Be3 $14 {[%csl Rd5]} Bd7 18. g4 Be6 19. g5 (19. Nd5 Nxd5 20.
Bxd5 Bxd5 21. Rxd5 Rec8 $14 {[%cal Gg8f8]}) 19... Nd7 20. Nd5 Bd8 21. h4 Nc5
22. Bxc5 (22. Rd2 $14) 22... dxc5 23. Ne3 $16 {Just compare white knight with
black bishop!} Bxb3 24. axb3 f6 {Black's position looks big disaster, but
f7-f6 break gives black some hope;} 25. Rd7 {White could determine any black's
counterplay by primitive:} (25. Rg1 fxg5 26. hxg5 $16 {[%cal Gd3d5,Yd5d7,Ye3d5,
Ye3f5]}) 25... fxg5 26. Nf5 Bf6 27. Rg1 h6 28. Rxb7 $6 (28. hxg5 Bxg5+ 29. Kb1
$16 {[%csl Rb7,Rg7]}) 28... Rab8 29. Rc7 gxh4 30. Nxg7 Bg5+ 31. Kd1 $2 {
It helps black to get his rook in;} (31. Kb1 Rec8 32. Rd7 Rd8 33. Rxd8+ Rxd8
34. Ne6 Rd2 35. Nxg5 hxg5 36. Rxg5+ $16 {[%cal Gg5h5] with clear advantage in
the ending;}) 31... Red8+ 32. Ke1 h3 33. Ne6 h2 34. Rh1 Rd2 35. Rg7+ Kh8 36.
Nxg5 $4 {White did all not to win this game, but now he had to force draw by
nice but simple tactics:} (36. Rh7+ $3 Kg8 (36... Kxh7 37. Nxg5+ Kg6 38. Kxd2
Kxg5 39. Rxh2 c4 $1 40. bxc4 Rxb2 41. Kc3 {[%cal Gc4c5] and white is even
better!}) 37. Rg7+ $11) 36... Rxc2 37. Rh7+ Kg8 38. Rxh6 Rc1+ 39. Kf2 Rxh1 {
[%cal Yh1b1]} 40. Rg6+ {White even doesn't have Kg2 move because of Rg1 and
RxN then;} Kf8 41. Kg2 Rc1 $1 {this is important to keep c5 alive!} 42. Kxh2
Rxb3 43. Rxa6 (43. Rf6+ Ke7 44. Re6+ Kd7 45. Rxe5 Rxb2+ 46. Kg3 c4 {and c4
passed decides the game;}) 43... Rxb2+ 44. Kh3 c4 45. Kg4 c3 46. Kf5 Rcb1 $1 {
getting rid of all threats around the black king;} 47. Kf6 Rb6+ 48. Ne6+ Rxe6+
$1 {Simple but nice;} 0-1